00763nam a2200217 4500999001500000001000600015003000900021005001700030008004100047040003800088082002400126245008400150260004500234300002200279505001200301650004400313700002600357700002300383942001200406952012700418 c1874d187419490BD-DhUAP20200217121447.0200217s1994 bg x p w 0 a0eng d aBD-DhAALcBD-DhAALbEngdBD-DhUAP00223a340.5492115 BAN00aBangladesh legal decision /cEdited by A.T.M. Kamrul Islam and Gour Gopal Saha. aDhaka :bBangladesh Bar Council,cc1994. avolumes ;c26 cm. aV. 14-- aLawxPsychological aspectszBangladesh. aIslam, A.T.M. Kamrul. aSaha, Gour Gopal. 2ddccBK 00102ddc4070aUAPCLbUAPCLcGeneral Stacksd2020-02-17o340.5492115 BAN V-14p3010019490r2020-02-17t1w2020-02-17yBK